| 000 | 00344nam a22001337a 4500 | ||
|---|---|---|---|
| 020 | _a81-86340-23-8 | ||
| 082 | _a005.43 MIC | ||
| 100 |
_a SCHWARTZ, KARL _956805 |
||
| 245 | _a MICROSOFT DOS 6.2 , QUICK REFERNCE GUIDE | ||
| 260 |
_a NEW DELHI _b GALGOTIA PUBLICATIONS _c1995 |
||
| 300 | _a 239P | ||
| 650 |
_aDOS 6.2 _961051 |
||
| 942 | _cBK | ||
| 999 |
_c570615 _d570615 |
||